| 000 | 00945nas a2200313 4500 | ||
|---|---|---|---|
| 001 | BR0802924 | ||
| 003 | BR-BrBNA | ||
| 005 | 20231205112119.0 | ||
| 007 | ta | ||
| 008 | 230509b bl.|||p| |||| 00| 00por d | ||
| 040 |
_aBR-BrBNA _bpor _cBiblioteca Nacional de Agricultura |
||
| 041 | _a(Pt) | ||
| 072 | _aL02; L60; L20 | ||
| 100 | 1 | _aAlencar, J. | |
| 100 | 1 | _aLorosa, E.S. | |
| 100 | 1 | _aSilva, J. dos | |
| 100 | 1 | _aLopes, C.M. | |
| 100 | 1 | _aGuimarães, A.E. | |
| 245 | 1 | _aObservações sobre padrões alimentares de mosquitos (Diptera: Culicidae)no Pantanal Mato-grossense | |
| 650 | _aINSETO | ||
| 650 | _aMOSQUITO | ||
| 650 | _aALIMENTAÇÃO ANIMAL | ||
| 650 | _aDISTRIBUIÇÃO GEOGRÁFICA | ||
| 650 | _aPANTANAL | ||
| 650 | _aMATO GROSSO | ||
| 773 | 0 |
_tNeotropical Entomology (Brazil) _xISSN 1519-566X _g(Jul-Aug 2005), v. 34(4) p. 681-687 _wBR0802924 |
|
| 909 |
_a202311 _bLúcia _c55 _dLúcia Elande |
||
| 942 |
_2AGRIS _n0 _cANA |
||
| 999 |
_c196156 _d196156 |
||